<?xml version="1.0" encoding="UTF-8"?><?xml-stylesheet type="text/xsl" href="static/style.xsl"?><OAI-PMH xmlns="http://www.openarchives.org/OAI/2.0/" xmlns:xsi="http://www.w3.org/2001/XMLSchema-instance" xsi:schemaLocation="http://www.openarchives.org/OAI/2.0/ http://www.openarchives.org/OAI/2.0/OAI-PMH.xsd"><responseDate>2026-04-13T15:13:56Z</responseDate><request verb="GetRecord" identifier="oai:www.recercat.cat:2099.1/21682" metadataPrefix="marc">https://recercat.cat/oai/request</request><GetRecord><record><header><identifier>oai:recercat.cat:2099.1/21682</identifier><datestamp>2025-07-23T05:38:35Z</datestamp><setSpec>com_2072_1033</setSpec><setSpec>col_2072_452951</setSpec></header><metadata><record xmlns="http://www.loc.gov/MARC21/slim" xmlns:dcterms="http://purl.org/dc/terms/" xmlns:xsi="http://www.w3.org/2001/XMLSchema-instance" xmlns:doc="http://www.lyncode.com/xoai" xsi:schemaLocation="http://www.loc.gov/MARC21/slim http://www.loc.gov/standards/marcxml/schema/MARC21slim.xsd">
   <leader>00925njm 22002777a 4500</leader>
   <datafield ind2=" " ind1=" " tag="042">
      <subfield code="a">dc</subfield>
   </datafield>
   <datafield ind2=" " ind1=" " tag="720">
      <subfield code="a">Cons Pastor, Noelia</subfield>
      <subfield code="e">author</subfield>
   </datafield>
   <datafield ind2=" " ind1=" " tag="260">
      <subfield code="c">2014-04</subfield>
   </datafield>
   <datafield ind2=" " ind1=" " tag="520">
      <subfield code="a">El presente Proyecto Final de Grado tiene como finalidad un estudio comparativo a nivel&#xd;
Europeo de la accidentabilidad laboral tanto en el sector de la construcción como en el total&#xd;
de los sectores.&#xd;
Se trata de un estudio estadístico donde se dan a conocer las cifras de accidentabilidad&#xd;
laboral de los 28 países actuales que conforman la Unión Europea, y éstas se analizan&#xd;
detalladamente año tras año hasta la actualidad.&#xd;
Los datos han sido obtenidos de la Organización Internacional del Trabajo (OIT), más&#xd;
concretamente de las bases de datos de LABORSTA e ILOSTAT, y han sido posteriormente&#xd;
clasificados de acuerdo con las necesidades a estudiar.&#xd;
El propósito de este estudio es el de analizar los resultados estadísticos de los 25 primeros&#xd;
países que conformaron la UE, con el fin de averiguar si estos países verdaderamente&#xd;
tomaron un beneficio de dicha incorporación en la UE, y lograron bajar así sus cifras de&#xd;
accidentes.</subfield>
   </datafield>
   <datafield ind2=" " ind1=" " tag="520">
      <subfield code="a">English: The present Final Degree Project aims an European comparative study of labor accidents&#xd;
rates as both in the construction sector and the total number of sectors.&#xd;
It is a statistical study where is unveiled the figures of labour accident of the 28 current&#xd;
countries that make up the European Union, and these are analyzed in detail every year until&#xd;
the present day.&#xd;
Data have been collected from the international organization of Labour Organization (ILO),&#xd;
more specifically of the databases of LABORSTA and ILOSTAT, and have subsequently&#xd;
been classified according to the needs to study.&#xd;
The purpose of this study is to analyze the statistical results of the first 25 countries that&#xd;
formed the EU, in order to find out if these countries truly took a benefit of incorporating in&#xd;
the EU, and thus managed to reduce their accident figures.</subfield>
   </datafield>
   <datafield tag="653" ind2=" " ind1=" ">
      <subfield code="a">Àrees temàtiques de la UPC::Economia i organització d'empreses::Seguretat industrial::Prevenció de riscos laborals</subfield>
   </datafield>
   <datafield tag="653" ind2=" " ind1=" ">
      <subfield code="a">Industrial accidents--European Economic Community countries</subfield>
   </datafield>
   <datafield tag="653" ind2=" " ind1=" ">
      <subfield code="a">Statistics</subfield>
   </datafield>
   <datafield tag="653" ind2=" " ind1=" ">
      <subfield code="a">Accidentabilidad laboral</subfield>
   </datafield>
   <datafield tag="653" ind2=" " ind1=" ">
      <subfield code="a">Labor accidents rates</subfield>
   </datafield>
   <datafield tag="653" ind2=" " ind1=" ">
      <subfield code="a">Treball -- Accidents</subfield>
   </datafield>
   <datafield tag="653" ind2=" " ind1=" ">
      <subfield code="a">Estadística</subfield>
   </datafield>
   <datafield ind2="0" ind1="0" tag="245">
      <subfield code="a">Comparativa de accidentalidad en Europa</subfield>
   </datafield>
</record></metadata></record></GetRecord></OAI-PMH>